000 00559nam a2200229Ia 4500
003 OSt
005 20220918173859.0
006 a|||||r|||| 00| 0
007 ta
008 220917b |||||||| |||| 00| 0 eng d
024 _a8,884
037 _cTextual
040 _aARTS
_cARTS
_beng
041 _2eng
_aeng
082 _a9042, G7 Q4
110 _aGuide First word
_947285
245 0 _aGuide to Japanese studies
260 _c1932
700 _aGuide First word
_947286
942 _h9042, G7 Q4
_cTEXL
_2CC
999 _c150630
_d150630